00385nam a2200133Ia 450000500170000000800410001702000140005808200130007224500390008526000630012430000080018750000340019570000220022920250626012426.0240331s9999 xx 000 0 und d a953903409 bSRIa352 0aSri lankawe dasavani parlimenthuwa aColombobUnited Newspaper of Sri Lanka Limited, Lakec1994 a509 aTenth Parliament of Sri Lanka aPerera,G.S. eedt